Relación de las demarcaciones de que se compone el Cuerpo de Serenos de la ciudad de Barcelona : desde el 1º de junio del año 1940 desde el 1º de junio del año 1940
Descripción Física:
48 p. ; 21 cm
Materias:
Vigilants -- Barcelona
MARC
| LEADER | 00000nam a2200000Ia 4500 | ||
|---|---|---|---|
| 001 | 15265 | ||
| 008 | 160829s9999 xx 000 0 cat d | ||
| 080 | |a FU-35-52 | ||
| 245 | |a Relación de las demarcaciones de que se compone el Cuerpo de Serenos de la ciudad de Barcelona : |b desde el 1º de junio del año 1940 | ||
| 260 | |a Barcelona : |b R. Capera, F. Balboa, [1940?] | ||
| 300 | |a 48 p. ; |c 21 cm | ||
| 590 | |a Conté les rutes de vigilància per districtes i carrers de Barcelona | ||
| 650 | |a Vigilants |x Barcelona |9 22192 | ||
| 901 | |a Arxiu | ||
| 942 | |n 1 | ||
| 952 | |0 0 |1 0 |4 0 |6 FU3552 |7 1 |9 42108 |a Arxiu |b Arxiu |d 2016-12-01 |l 0 |o FU-35-52 |p 15265 |r 2016-12-01 00:00:00 |w 2016-12-01 |y ARXIU | ||
| 999 | |c 44555 |d 44555 | ||